Nazwa miejscowości- prawdziwa czy zmyślona? - Statystyki

Ogólne statystyki
  • Ten quiz został rozwiązany 27 razy
  • Średni wynik to 13 z 26
Statystyki odpowiedzi
Zagadnienie Odpowiedź % Poprawnych
Kocie Łapy Zmyślona
100%
Męcikał Prawdziwa
83%
Lenie Wielkie Prawdziwa
83%
Nieporządek Zmyślona
83%
Swornegacie Prawdziwa
67%
Niemyje-Ząbki Prawdziwa
67%
Zimna Wódka Prawdziwa
67%
Nietoperek Prawdziwa
67%
Tumidaj Prawdziwa
67%
Doge Zmyślona
67%
Wymioty Zmyślona
67%
Połamańce Zmyślona
67%
Grzeczna Panna Prawdziwa
50%
Ziomek Prawdziwa
50%
Oszczywilk Prawdziwa
50%
Grypa Zmyślona
50%
Brudne-Dusze Zmyślona
50%
Kłopoty-Stanisławy Prawdziwa
33%
Niezdara Prawdziwa
33%
Nigdzie Zmyślona
33%
Ciężkie-Powieki Zmyślona
33%
Bajoro Zmyślona
33%
Jednorożec Prawdziwa
17%
Smrody Zmyślona
17%
Złe Mięso Prawdziwa
0%
Wielki Kłak Zmyślona
0%
Nie znaleziono quizów pasujących do podanych kryteriów
Rozkład punktacji
Procent ludzi z każdym wynikiem
Percentyl według liczby udzielonych odpowiedzi
Twoja historia wyników
Nie rozwiązałeś tego quizu